Aklat adarna. (Record no. 114564)
[ view plain ]
| 000 -LEADER | |
|---|---|
| fixed length control field | 01053nam a2200241 a 4500 |
| 005 - DATE AND TIME OF LATEST TRANSACTION | |
| control field | 20140414132104.0 |
| 008 - FIXED-LENGTH DATA ELEMENTS--GENERAL INFORMATION | |
| fixed length control field | 100823s19uu xx 00 eng d |
| 050 ## - LIBRARY OF CONGRESS CALL NUMBER | |
| Classification number | FIL 352.13 |
| Item number | Ak5 v.1 |
| 050 ## - LIBRARY OF CONGRESS CALL NUMBER | |
| Classification number | FIL 352.13 |
| Item number | Ak5 v.2 |
| 050 ## - LIBRARY OF CONGRESS CALL NUMBER | |
| Classification number | FIL 352.13 |
| Item number | Ak5 v.3 |
| 050 ## - LIBRARY OF CONGRESS CALL NUMBER | |
| Classification number | FIL 352.13 |
| Item number | Ak5 v.4 |
| 050 ## - LIBRARY OF CONGRESS CALL NUMBER | |
| Classification number | FIL 352.13 |
| Item number | Ak5 v.5 |
| 245 ## - TITLE STATEMENT | |
| Title | Aklat adarna. |
| 250 ## - EDITION STATEMENT | |
| Edition statement | 1st ed |
| 260 ## - PUBLICATION, DISTRIBUTION, ETC. (IMPRINT) | |
| Place of publication, distribution, etc | Quezon City, Philippines : |
| Name of publisher, distributor, etc | Adarna House, |
| Date of publication, distribution, etc | 1987. |
| 300 ## - PHYSICAL DESCRIPTION | |
| Extent | 4 v. : col. ill. ; 23 cm. |
| 520 ## - SUMMARY, ETC. | |
| Summary, etc | v. 1. Alamat ng lansones, si langgam at si tipaklong, si pagong at si matsing, ang hukuman ni sinukuan, ibong adarna -- v. 2. Kayo ba ang nanay ko?, bilog na itlog, tikatok at pikpakbum, ang pulang laso, kung dalawa kami -- v. 3. Si Makisig, si Tembong mandarambong, si hinlalaki, bayanihan, si Emang engkantada -- v. 4. Nang magkakulay ang nayon, digong dilaw, ang mabait na kalabaw, si dilat, si kindat, si kurap, si pikit, kain, kumain, kinain. |
| Withdrawn status | Lost status | Damaged status | Use restrictions | Home library | Current library | Shelving location | Date acquired | Source of acquisition | Cost, normal purchase price | Total Checkouts | Full call number | Barcode | Date last seen | Price effective from | Koha item type |
|---|---|---|---|---|---|---|---|---|---|---|---|---|---|---|---|
| Munich Library | Munich Library | Filipiniana Section | 08/23/2010 | 315.00 | FIL 352.13 Ak5 v.1 | M6427 | 04/14/2014 | 04/14/2014 | Books | ||||||
| Munich Library | Munich Library | Filipiniana Section | 08/23/2010 | 315.00 | FIL 352.13 Ak5 v.2 | M6428 | 04/14/2014 | 04/14/2014 | Books | ||||||
| Munich Library | Munich Library | Filipiniana Section | 08/23/2010 | 315.00 | FIL 352.13 Ak5 v.3 | M6429 | 04/14/2014 | 04/14/2014 | Books | ||||||
| Munich Library | Munich Library | Filipiniana Section | 08/23/2010 | 315.00 | FIL 352.13 Ak5 v.4 | M6430 | 04/14/2014 | 04/14/2014 | Books | ||||||
| Munich Library | Munich Library | Filipiniana Section | 08/23/2010 | 315.00 | FIL 352.13 Ak5 v.5 | M6431 | 04/14/2014 | 04/14/2014 | Books |